000
00225nam a22000857a 4500
008
160701b xxu||||| |||| 00| 0 eng d
100
_9
1657
_a
Sarna, C.S
245
_a
Textbook of Mathematics - XI
260
_a
New Delhi
_b
Arya
_c
2005
999
_c
1376
_d
1376